The Romans in Britain / (Record no. 28404)
[ view plain ]
| 000 -LEADER | |
|---|---|
| fixed length control field | 01367cam a22003617i 4500 |
| 001 - CONTROL NUMBER | |
| control field | 18637340 |
| 003 - CONTROL NUMBER IDENTIFIER | |
| control field | EG-ScBUE |
| 005 - DATE AND TIME OF LATEST TRANSACTION | |
| control field | 20200704111538.0 |
| 008 - FIXED-LENGTH DATA ELEMENTS--GENERAL INFORMATION | |
| fixed length control field | 150120t2015 enk 000 d eng d |
| 020 ## - INTERNATIONAL STANDARD BOOK NUMBER | |
| International Standard Book Number | 9781472574398 (pbk.) |
| 020 ## - INTERNATIONAL STANDARD BOOK NUMBER | |
| International Standard Book Number | 1472574397 (pbk.) |
| 035 ## - SYSTEM CONTROL NUMBER | |
| System control number | (OCoLC)ocn886489304 |
| 040 ## - CATALOGING SOURCE | |
| Original cataloging agency | BTCTA |
| Language of cataloging | eng |
| Description conventions | rda |
| Transcribing agency | BTCTA |
| Modifying agency | BDX |
| -- | YDXCP |
| -- | CDX |
| -- | OCLCO |
| -- | IYU |
| -- | DLC |
| -- | EG-ScBUE |
| 082 04 - DEWEY DECIMAL CLASSIFICATION NUMBER | |
| Classification number | 822.914 |
| Item number | BRE |
| Edition number | 22 |
| 100 1# - MAIN ENTRY--PERSONAL NAME | |
| Personal name | Brenton, Howard, |
| Dates associated with a name | 1942- |
| Relator term | author. |
| 245 14 - TITLE STATEMENT | |
| Title | The Romans in Britain / |
| Statement of responsibility, etc | Howard Brenton ; foreword by Samuel West ; introduction by Philip Roberts. |
| 264 #1 - PUBLICATION, DISTRIBUTION, ETC. (IMPRINT) | |
| Place of publication, distribution, etc | London, UK ; |
| -- | New York, NY : |
| Name of publisher, distributor, etc | Bloomsbury Methuen Drama, |
| Date of publication, distribution, etc | [2015] |
| 264 #4 - PUBLICATION, DISTRIBUTION, ETC. (IMPRINT) | |
| Date of publication, distribution, etc | c2015 |
| 300 ## - PHYSICAL DESCRIPTION | |
| Extent | xxvi, 106 pages ; |
| Dimensions | 20 cm. |
| 336 ## - CONTENT TYPE | |
| Content type term | text |
| Content type code | txt |
| Source | rdacontent |
| 337 ## - MEDIA TYPE | |
| Media type term | unmediated |
| Media type code | n |
| Source | rdamedia |
| 338 ## - CARRIER TYPE | |
| Carrier type term | volume |
| Carrier type code | nc |
| Source | rdacarrier |
| 490 0# - SERIES STATEMENT | |
| Series statement | Methuen drama modern classics |
| 500 ## - GENERAL NOTE | |
| General note | Originally published: London : Eyre Methuen, 1980. Second, revised edition published in 1981. |
| 650 #7 - SUBJECT ADDED ENTRY--TOPICAL TERM | |
| Topical term or geographic name as entry element | Romans |
| Geographic subdivision | England |
| Form subdivision | Drama. |
| Source of heading or term | BUEsh |
| 653 ## - INDEX TERM--UNCONTROLLED | |
| Resource For college | |
| Arrived date list | July2020 |
| 655 ## - INDEX TERM--GENRE/FORM | |
| Form subdivision | Text book |
| 9 (RLIN) | 33728 |
| 700 1# - ADDED ENTRY--PERSONAL NAME | |
| Personal name | Roberts, Philip, |
| Dates associated with a name | 1942- |
| Relator term | writer of introduction. |
| 700 1# - ADDED ENTRY--PERSONAL NAME | |
| Personal name | West, Samuel, |
| Dates associated with a name | author of foreword. |
| 906 ## - LOCAL DATA ELEMENT F, LDF (RLIN) | |
| a | 7 |
| b | cbc |
| c | copycat |
| d | 3 |
| e | ncip |
| f | 20 |
| g | y-gencatlg |
| 942 ## - ADDED ENTRY ELEMENTS (KOHA) | |
| Source of classification or shelving scheme | Dewey Decimal Classification |
| Koha item type | Book - Textbooks |
| Withdrawn status | Lost status | Source of classification or shelving scheme | Damaged status | Not for loan | Collection code | Home library | Current library | Shelving location | Date acquired | Source of acquisition | Total Checkouts | Full call number | Barcode | Date last seen | Price effective from | Koha item type | Date checked out |
|---|---|---|---|---|---|---|---|---|---|---|---|---|---|---|---|---|---|
| Dewey Decimal Classification | Baccah | Central Library | Central Library | Second Floor | 04/07/2020 | Purchase | 822.914 BRE | 000049179 | 15/07/2025 | 04/07/2020 | NB - Book (Non borrowing) | ||||||
| Dewey Decimal Classification | Baccah | Central Library | Central Library | Second Floor | 04/07/2020 | Purchase | 1 | 822.914 BRE | 000049180 | 15/07/2025 | 04/07/2020 | Book - Borrowing | 28/05/2024 | ||||
| Dewey Decimal Classification | Baccah | Central Library | Central Library | Second Floor | 04/07/2020 | Purchase | 822.914 BRE | 000049181 | 15/07/2025 | 04/07/2020 | Book - Borrowing |